000 00725nam a2200277 i 4500
001 C2-0291760
003 PPAK
005 20180728023948.0
008 081016s2008 my |||| ||||| | may d
020 _a9789833949434
040 _aPPAK
_beng
_cPPAK
_erda
082 0 4 _a899.233
_223
090 0 0 _a899.233
_bALI
_dG
090 0 0 _a899.233
_bALI
_dK
100 0 _aAli Majod,
_eauthor
245 1 0 _aSelendang delima
264 1 _aKuala Lumpur :
_bStar Trading ,
_c2008
300 _a159 pages ;
_c21 cm
336 _2rdacontent
_atext
337 _2rdamedia
_aunmediated
338 _2rdacarrier
_avolume
490 1 _aSiri dongeng klasik
650 1 0 _aMalay fiction
830 0 _aSiri dongeng klasik
942 _ddc
_cB
999 _c96816
_d96816